| 000 | 00692nam a2200229 a 4500 | ||
|---|---|---|---|
| 008 | |||
| 020 | _a0878722920 (cased) | ||
| 049 | _aMAIN | ||
| 090 |
_aQA276 _bKOO |
||
| 100 | 1 | _aKoopmans, Lambert Herman. | |
| 245 | 1 | 3 |
_aAn introduction to contemporary statistics / _cLambert H. Koopmans. |
| 260 |
_aBoston, Mass. : _bDuxbury Press, _cc1981. |
||
| 300 |
_axx, 599 p. : _bill. ; _c25 cm. |
||
| 504 | _aIncludes bibliographical references. | ||
| 500 | _aIncludes index. | ||
| 650 | 0 | _aMathematical statistics. | |
| 907 |
_a.b10046811 _b16-04-12 _c17-04-03 |
||
| 003 | |||
| 005 | 20230123133218.0 | ||
| 040 | _cNUST | ||
| 942 |
_cBOOKS _kQA276 _mKOO |
||
| 999 |
_c144684 _d144684 |
||